000
00206 a2200097 4500
001
10998
100
_a
Gilmer, H.
245
_a
Applied Pshchology
260
_a
_b
Tata M, Graw-Hill
_c
090
_c
8566
_d
8566
942
_a
NUST-CAE
_c
M
_c
35340
999
_c
246071
_d
246071